La divina comedia / (Record no. 22446)

MARC details
000 -LEADER
campo de control de longitud fija 00865nam a2200229 i 4500
001 - NÚMERO DE CONTROL
campo de control 22446
003 - IDENTIFICADOR DE NÚMERO DE CONTROL
campo de control ES-MaACL
005 - FECHA Y HORA DE LA ÚLTIMA TRANSACCIÓN
campo de control 20250731000433.0
007 - CAMPO FIJO DE DESCRIPCIÓN FÍSICA--INFORMACIÓN GENERAL
campo de control de longitud fija t|
008 - DATOS DE LONGITUD FIJA--INFORMACIÓN GENERAL
campo de control de longitud fija 021203s1871 sp ||||1| spa d
100 0# - ENTRADA PRINCIPAL--NOMBRE DE PERSONA
Nombre de persona Dante Alighieri,
Fechas asociadas al nombre 1265-1321
9 (RLIN) 42657
245 13 - MENCIÓN DEL TÍTULO
Título La divina comedia /
Mención de responsabilidad, etc. de Dante Alighieri ; con notas de Paolo Costa adicionadas ; traducida al castellano por Manuel Aranda y Sanjuán.
260 ## - PUBLICACIÓN, DISTRIBUCIÓN, ETC.
Lugar de publicación, distribución, etc. Barcelona :
Nombre del editor, distribuidor, etc. La Ilustración,
Fecha de publicación, distribución, etc. 1871 (
Fabricante Tip. Jaime Jepús)
300 ## - DESCRIPCIÓN FÍSICA
Extensión 546 p., 16 lám. ;
Dimensiones 22 cm.
599 ## - NOTA A LAS ILUSTRACIONES
NOTA A LAS ILUSTRACIONES Con grab. xil.: "Sadurní, Tomás, Romen", etc.
700 1# - ENTRADA AGREGADA--NOMBRE PERSONAL
Nombre de persona Costa, Paolo.
9 (RLIN) 41073
700 1# - ENTRADA AGREGADA--NOMBRE PERSONAL
Nombre de persona Aranda y Sanjuán, Manuel,
Fechas asociadas al nombre 1845-1900
9 (RLIN) 22295
700 1# - ENTRADA AGREGADA--NOMBRE PERSONAL
Nombre de persona Sadurní y Deop, Celestino (
Fechas asociadas al nombre 1830-1896)
9 (RLIN) 172541
700 1# - ENTRADA AGREGADA--NOMBRE PERSONAL
Nombre de persona Pedró, Tomás,
Fechas asociadas al nombre 1840-1877
9 (RLIN) 172542
852 ## - LOCALIZACIÓN
Ubicación ES-MaACL
Número de control de estantería C-3235
Holdings
Estatus retirado Estado de pérdida Estado de daño No para préstamo Colección Biblioteca de origen Biblioteca actual Ubicación en estantería Fecha de adquisición Fuente de adquisición Total de préstamos Signatura topográfica completa Código de barras Visto por última vez Precio de reemplazo Tipo de ítem Koha
        Libros del s. XIX Biblioteca del Ateneo de Madrid Biblioteca del Ateneo de Madrid Sala Palomar 17/01/2008     C-3235 1023106 23/02/2023 23/02/2023 Libro impreso antiguo